Between heaven and Charing Cross: the life of Francis Thompson
| Main Author: | |
|---|---|
| Format: | Print Book |
| Language: | English |
| Subito Delivery Service: | Order now. |
| Check availability: | HBZ Gateway |
| WorldCat: | WorldCat |
| Interlibrary Loan: | Interlibrary Loan for the Fachinformationsdienste (Specialized Information Services in Germany) |
| Published: |
New Haven, Conn u.a.
Yale University Press
1988
|
| In: | Year: 1988 |
| Reviews: | BOOK REVIEWS (1989) (Fraser, Hilary)
|
| Standardized Subjects / Keyword chains: | B
Thompson, Francis 1859-1907
|
| Further subjects: | B
Thompson, Francis
B Poets, English Biography 19th century B Christian poetry, English History and criticism 19th century B Catholics Biography Great Britain B Biography |
MARC
| LEADER | 00000cam a2200000 c 4500 | ||
|---|---|---|---|
| 001 | 274621770 | ||
| 003 | DE-627 | ||
| 005 | 20251222212653.0 | ||
| 007 | tu | ||
| 008 | 881014s1988 xxu||||| 00| ||eng c | ||
| 016 | 7 | |a b8840371 |2 UK | |
| 020 | |a 0300041438 |9 0-300-04143-8 | ||
| 035 | |a (DE-627)274621770 | ||
| 035 | |a (DE-576)016535235 | ||
| 035 | |a (DE-599)GBV274621770 | ||
| 035 | |a (OCoLC)242693248 | ||
| 035 | |a (DE-604)8012973807 | ||
| 040 | |a DE-627 |b ger |c DE-627 |e rakwb | ||
| 041 | |a eng | ||
| 044 | |c XD-US | ||
| 050 | 0 | |a PR5651 | |
| 082 | 0 | |a 821.8 | |
| 082 | 0 | |a B | |
| 084 | |a 1 |2 ssgn | ||
| 084 | |a HL 4705 |2 rvk |0 (DE-625)rvk/50725:11852 | ||
| 100 | 1 | |8 1\p |0 (DE-588)17198143X |0 (DE-627)696877252 |0 (DE-576)132858169 |4 aut |a Boardman, Brigid M. |d 1931- | |
| 109 | |a Boardman, Brigid M. 1931- | ||
| 245 | 1 | 0 | |a Between heaven and Charing Cross |b the life of Francis Thompson |c Brigid M. Boardman |
| 264 | 1 | |a New Haven, Conn u.a. |b Yale University Press |c 1988 | |
| 300 | |a XVII, 410 S. |b Ill., 1 Portr. | ||
| 336 | |a Text |b txt |2 rdacontent | ||
| 337 | |a ohne Hilfsmittel zu benutzen |b n |2 rdamedia | ||
| 338 | |a Band |b nc |2 rdacarrier | ||
| 600 | 1 | 0 | |a Thompson, Francis |
| 601 | |a Thompson, J. M. | ||
| 650 | 0 | |a Poets, English |x Biography |x 19th century | |
| 650 | 0 | |a Catholics |x Biography |x Great Britain | |
| 650 | 0 | |a Christian poetry, English |x History and criticism |x 19th century | |
| 655 | 7 | |a Biografie |0 (DE-588)4006804-3 |0 (DE-627)104213493 |0 (DE-576)208867147 |2 gnd-content | |
| 689 | 0 | 0 | |d p |0 (DE-588)118802054 |0 (DE-627)079577083 |0 (DE-576)209487410 |2 gnd |a Thompson, Francis |d 1859-1907 |
| 689 | 0 | |5 (DE-627) | |
| 689 | 1 | 0 | |d p |0 (DE-588)118802054 |0 (DE-627)079577083 |0 (DE-576)209487410 |2 gnd |a Thompson, Francis |d 1859-1907 |
| 689 | 1 | |5 (DE-627) | |
| 689 | 2 | 0 | |d p |0 (DE-588)118802054 |0 (DE-627)079577083 |0 (DE-576)209487410 |2 gnd |a Thompson, Francis |d 1859-1907 |
| 689 | 2 | |5 (DE-627) | |
| 787 | 0 | 8 | |i Rezensiert in |a Fraser, Hilary |t BOOK REVIEWS |d 1989 |w (DE-627)1780301766 |
| 883 | |8 1\p |a cgwrk |d 20241001 |q DE-101 |u https://d-nb.info/provenance/plan#cgwrk | ||
| 889 | |w (DE-627)024130532 | ||
| 935 | |i mdedup | ||
| 935 | |i Blocktest | ||
| 936 | r | v | |a HL 4705 |b Sekundärliteratur |k Anglistik. Amerikanistik |k Englische Literatur |k 19. Jahrhundert (1770/1800-1890/1900) |k Literaturgeschichte |k Einzelne Autoren |k Autoren T |k Thompson, Francis |k Sekundärliteratur |0 (DE-627)1271703408 |0 (DE-625)rvk/50725:11852 |0 (DE-576)201703408 |
| 951 | |a BO | ||
| ELC | |b 1 | ||
| ITA | |a 1 | ||
| LOK | |0 000 xxxxxcx a22 zn 4500 | ||
| LOK | |0 001 3304246150 | ||
| LOK | |0 003 DE-627 | ||
| LOK | |0 004 274621770 | ||
| LOK | |0 005 19890102000000 | ||
| LOK | |0 008 890102||||||||||||||||ger||||||| | ||
| LOK | |0 040 |a DE-21-108 |c DE-627 |d DE-21-108 | ||
| LOK | |0 092 |o l | ||
| LOK | |0 541 |e 5464/88 | ||
| LOK | |0 852 |a DE-21-108 | ||
| LOK | |0 852 1 |c NR 894.562 |m p |9 00 | ||
| LOK | |0 936ln |0 1288773374 |a NR 894 | ||
| LOK | |0 938 |k p | ||
| LOK | |0 939 |a 02-01-89 |b l01 | ||
| ORI | |a SA-MARC-ixtheoa001.raw | ||
| REL | |a 1 | ||
| SUB | |a REL | ||
| SYA | 0 | 0 | |a Thompson, Francis |
| SYG | 0 | 0 | |a Tompson, Frensis,1859-1907,Thompson, Francis Joseph,1859-1907,Thompson, Frensis,1859-1907 , Tompson, Frensis,1859-1907,Thompson, Francis Joseph,1859-1907,Thompson, Frensis,1859-1907 , Tompson, Frensis,1859-1907,Thompson, Francis Joseph,1859-1907,Thompson, Frensis,1859-1907 |



